The puzzle of Palestine / (Record no. 28758)
[ view plain ]
| 000 -LEADER | |
|---|---|
| fixed length control field | 00946cam a22003131 4500 |
| 001 - CONTROL NUMBER | |
| control field | 28758 |
| 003 - CONTROL NUMBER IDENTIFIER | |
| rucl marc code | BD-RjUL |
| 005 - DATE AND TIME OF LATEST TRANSACTION | |
| control field | 20211209051326.0 |
| 008 - FIXED-LENGTH DATA ELEMENTS--GENERAL INFORMATION | |
| fixed length control field | 140331s1938 nyu 000 0 eng |
| 035 ## - SYSTEM CONTROL NUMBER | |
| System control number | (BD-RjUL)28840 |
| System control number | (OCoLC)1521712 |
| 040 ## - CATALOGING SOURCE | |
| Original cataloging agency | DLC |
| Transcribing agency | OClU |
| Modifying agency | BD-RjUL |
| Language of cataloging | eng |
| 041 ## - LANGUAGE CODE | |
| Language code of text/sound track or separate title | eng |
| 051 ## - LIBRARY OF CONGRESS COPY, ISSUE, OFFPRINT STATEMENT | |
| Classification number | DS126 |
| Item number | .P6 |
| 082 00 - DEWEY DECIMAL CLASSIFICATION NUMBER | |
| Classification number | 956.94 |
| Author mark and year | POP 1938 |
| 100 1# - MAIN ENTRY--PERSONAL NAME | |
| Personal name | Popper, David H. |
| 9 (RLIN) | 87970 |
| 245 14 - TITLE STATEMENT | |
| Title | The puzzle of Palestine / |
| Statement of responsibility, etc. | by David H. Popper; maps and charts by Delos Blackmar. |
| 260 ## - PUBLICATION, DISTRIBUTION, ETC. (IMPRINT) | |
| Place of publication, distribution, etc. | New York : |
| Name of publisher, distributor, etc. | The Foreign Policy Association |
| Date of publication, distribution, etc. | c1938. |
| 300 ## - PHYSICAL DESCRIPTION | |
| Pagination | 111 p. : |
| Illustrations | ill. ; |
| Size | 20 cm. |
| 500 ## - GENERAL NOTE | |
| General note | "Suggested reading": p. 111. |
| 650 #0 - SUBJECT ADDED ENTRY--TOPICAL TERM | |
| Topical term or geographic name as entry element | Jews |
| Geographic subdivision | Palestine. |
| 9 (RLIN) | 72204 |
| Topical term or geographic name as entry element | Palestinian Arabs. |
| 9 (RLIN) | 87972 |
| Topical term or geographic name as entry element | Jews |
| General subdivision | Restoration. |
| 9 (RLIN) | 84396 |
| 651 #0 - SUBJECT ADDED ENTRY--GEOGRAPHIC NAME | |
| Geographic name | Palestine |
| General subdivision | History. |
| 9 (RLIN) | 87973 |
| 942 ## - ADDED ENTRY ELEMENTS (KOHA) | |
| Source of classification or shelving scheme | Dewey Decimal Classification |
| Koha item type | Books |
| Lost status | Source of classification or shelving scheme | Damaged status | Not for loan | Collection code | Permanent Location | Current Location | Shelving location | Date acquired | Source of acquisition | Cost, normal purchase price | Total Checkouts | Full call number | Date last seen | Copy number | Koha item type |
|---|---|---|---|---|---|---|---|---|---|---|---|---|---|---|---|
| Dewey Decimal Classification | Added to bundle | Non-fiction | Central Library, University of Rajshahi | Central Library, University of Rajshahi | Reading Room | 13/11/1966 | A. I. Qurashi | 4.80 | 956.94 POP 1938 | 31/03/2014 | C-1 | Books |